Valéry : l´ecrivain symboliste et hermétique

Saved in:
Bibliographic Details
Main Author: Michel, Pierre
Format: Book
Language:Undetermined
Published: París, Francia Foucher 1969
Subjects:
Tags: Add Tag
No Tags, Be the first to tag this record!

MARC

LEADER 00000nam a2200000Ia 4500
008 170316s9999 xx 000 0 und d
040 |a cru BVZT 
090 |a C-840 M-6v 
100 |a Michel, Pierre 
245 |a Valéry : l´ecrivain symboliste et hermétique 
260 |a París, Francia 
260 |b Foucher 
260 |c 1969 
300 |a 64 páginas 
650 |a LITERATURA FRANCESA 
650 |a CRÍTICA 
999 |c 13005  |d 13005 
942 |c 15 D  |h C-840 M-6v  |2 z